| 000 | 00649nam a2200253Ia 4500 | ||
|---|---|---|---|
| 003 | OSt | ||
| 005 | 20220928120929.0 | ||
| 006 | a|||||r|||| 00| 0 | ||
| 007 | ta | ||
| 008 | 220927b |||||||| |||| 00| 0 eng d | ||
| 024 | _a23946 | ||
| 037 | _cTextual | ||
| 040 |
_aSDCL _cSDCL _beng |
||
| 041 |
_2eng _aeng |
||
| 082 | _aX:(B), P8 | ||
| 100 |
_aKennedy Peter _9451381 |
||
| 245 | 0 | _aGuide to econometrics | |
| 250 | _a6 | ||
| 260 |
_aMalden _bBlackwell Publishing _c2008 |
||
| 300 |
_axii,585p _ccm. |
||
| 650 |
_aEconometrics Methods _9451382 |
||
| 942 |
_hX:(B), P8 _cTEXL _2CC |
||
| 999 |
_c765453 _d765453 |
||